ميلاد عالم جديد : (Record no. 14289)
[ view plain ]
| 000 -الفاتح | |
|---|---|
| حقل البيانات ثابتة الطول | 01384nam a22002177a 4500 |
| 008 - عناصر البيانات ثابتة الطول - معلومات عامة | |
| حقل البيانات ثابتة الطول | 100629t2000 xxu||||| |||| 00| 0 ara d |
| 082 ## - رقم تصنيف ديوى العشرى | |
| رقم الطبعة | 22 |
| رقم المادة | ك ل ي |
| رقم التصنيف | 382.1 |
| 100 1# - المدخل الرئيسى - إسم شخصى | |
| 9 (RLIN) | 15447 |
| الإسم الشخصى | كليفلاند، هارلان |
| 245 ## - بيان العنوان | |
| العنوان | ميلاد عالم جديد : |
| بقية العنوان | (فرصة متاحة لقيادة عالمية) / |
| بيان المسئوليه,etc | هارلان كليفلاند؛ تقديم روبرت ماكنمار؛ ترجمة جمال علي زهران؛ مراجعة محمود إسماعيل محمد . |
| 260 ## - PUBLICATION, DISTRIBUTION, ETC. (IMPRINT) | |
| مكان الناشر او الموزع | القاهرة : |
| اسم الناشر او الموزع | المكتبة الأكاديمية ، |
| تاريخ النشر أو التوزيع | 2000. |
| 300 ## - الوصف المادى | |
| التعداد | 358 ص : |
| أبعاد الوعاء | 24 سم. |
| 500 ## - تبصرة عامة | |
| تبصرة عامة | Birth of a New World: An Open Moment for International Leadership by Harlan Cleveland forword by Robert S. McNamara Authorized translation from the English Language edition published by Jossey Inc., Publishers. |
| 541 ## - تبصرة المصدر المباشر للتزويد | |
| مصدر التزويد | ألف باء ؛ |
| طريقة التزويد | شراء ؛ |
| 650 0# - المدخل الاضافى بالموضوع-مصطلح موضوعى | |
| 9 (RLIN) | 15470 |
| مصطلح موضوعي أو اسم جغرافي كعنصر مدخل | العلاقات الاقتصادية الدولية |
| 650 0# - المدخل الاضافى بالموضوع-مصطلح موضوعى | |
| 9 (RLIN) | 15471 |
| مصطلح موضوعي أو اسم جغرافي كعنصر مدخل | التعاون الدولي |
| 700 1# - المدخل الاضافى - اسم شخصى | |
| 9 (RLIN) | 15449 |
| الإسم الشخصى | ماكنمار، روبرت |
| الدور | تقديم |
| 700 1# - المدخل الاضافى - اسم شخصى | |
| 9 (RLIN) | 15450 |
| الإسم الشخصى | زهران، جمال على |
| الدور | ترجمة |
| 700 1# - المدخل الاضافى - اسم شخصى | |
| 9 (RLIN) | 15451 |
| الإسم الشخصى | محمد، محمود إسماعيل |
| الدور | مراجعة |
| 942 ## - عناصر المدخل الإضافي( كوها) | |
| مصدر التصنيف او مخطط الترفيف | Dewey Decimal Classification |
| Koha [default] item type | Book - Borrowing |
| حالة التراجع | حالة الفقد | مصدر التصنيف او خطة الترفيف | حالة تلف | ليس للاعارة | مجموعات كوها | المكان الدائم | المكان الحالي | موقع الترفيف | تاريخ الاكتساب | Source of acquisition | رقم الاستدعاء | الباركود | Date last seen | نوع الوعاء |
|---|---|---|---|---|---|---|---|---|---|---|---|---|---|---|
| Dewey Decimal Classification | Alef-Baa | Central Library | Central Library | First floor | 29/06/2010 | 382.1 كلي | 000021136 | 15/07/2025 | Book - Borrowing |